书目信息 |
| 题名: |
实用网络通信编程技术
|
|
| 作者: | 李建文 , 张成现 编著 | |
| 分册: | ||
| 出版信息: | 北京 北京邮电大学出版社 2006.01 |
|
| 页数: | 270页 | |
| 开本: | 26cm | |
| 丛书名: | ||
| 单 册: | ||
| 中图分类: | TP393 | |
| 科图分类: | ||
| 主题词: | 计算机网络--ji suan ji wang luo--计算机通信--程序设计 | |
| 电子资源: | ||
| ISBN: | 7-5635-1105-9 | |
| 000 | 01039nam0 2200253 450 | |
| 001 | 012006878671 | |
| 005 | 20070611091216.01 | |
| 010 | @a7-5635-1105-9@dCNY29.00 (含光盘) | |
| 100 | @a20061202d2006 km y0chiy0120 ea | |
| 101 | 0 | @achi |
| 102 | @aCN@b110000 | |
| 105 | @aa z 000yy | |
| 200 | 1 | @a实用网络通信编程技术@Ashi yong wang luo tong xin bian cheng ji shu@f李建文, 张成现编著@Fli jian wen,zhang cheng xian bian zhu |
| 210 | @a北京@c北京邮电大学出版社@d2006.01 | |
| 215 | @a270页@c图@d26cm@e光盘1片 | |
| 300 | @a新一代信息通信规划教材 | |
| 307 | @a光盘 ISBN : 7-89993-025-1 | |
| 330 | @a本书以网络象棋环境、工业控制系统和模拟工业现场为模型,引出实际应用中的相关概念,讲解了与对话协议密切相关的字符编码ASCⅡ和Unicode的概念,以及三种编程工具 (Delphi 6.0、Visual C#和Visual Basic 6.0)等。 | |
| 606 | 0 | @a计算机网络@Aji suan ji wang luo@x计算机通信@x程序设计 |
| 690 | @aTP393@v4 | |
| 701 | 0 | @a李建文@Ali jian wen@4编著 |
| 701 | 0 | @a张成现@Azhang cheng xian@4编著 |
| 801 | 0 | @aCN@c20070611 |
| 905 | @a10447@dTP393@eL187 | |
| 实用网络通信编程技术/李建文, 张成现编著.-北京:北京邮电大学出版社,2006.01 |
| 270页:图;26cm+光盘1片 |
| 新一代信息通信规划教材 |
| ISBN 7-5635-1105-9:CNY29.00 (含光盘) |
| 本书以网络象棋环境、工业控制系统和模拟工业现场为模型,引出实际应用中的相关概念,讲解了与对话协议密切相关的字符编码ASCⅡ和Unicode的概念,以及三种编程工具 (Delphi 6.0、Visual C#和Visual Basic 6.0)等。 |
| ● |
| 相关链接 |
|
|
|
正题名:实用网络通信编程技术
索取号:TP393/L187
 
预约/预借
| 序号 | 登录号 | 条形码 | 馆藏地/架位号 | 状态 | 备注 |
| 1 | 229623 | 202296238 | 自科库301/301自科库 115排2列6层/ [索取号:TP393/L187] | 在馆 | |
| 2 | 229624 | 202296247 | 自科库301/301自科库 115排2列6层/ [索取号:TP393/L187] | 在馆 |